Vývojové trendy vo výrobe

História a popis jednotlivých priemyselných revolúcií, vynálezcov a priekopníkov vedeckého riadenia výrob. Charakteristika priemyslu 4.0 a prvé úspešné projekty. Nevyhnutnosť potrebných zmien súčasnej priemyselnej politiky.

Guardado en:
Detalles Bibliográficos
Autor principal: Bosák, Martin, 1967-
Otros Autores: Ferencz, Vojtech
Formato: Capítulo de libro
Lenguaje:eslovaco
Materias:
Etiquetas: Agregar Etiqueta
Sin Etiquetas, Sea el primero en etiquetar este registro!

MARC

LEADER 00000naa$a2200000$$$4500
001 0281813
005 20240502074404.5
041 0 |a slo 
044 |a SK 
245 1 0 |a Vývojové trendy vo výrobe  |c Martin Bosák, Vojtech Ferencz 
520 |a História a popis jednotlivých priemyselných revolúcií, vynálezcov a priekopníkov vedeckého riadenia výrob. Charakteristika priemyslu 4.0 a prvé úspešné projekty. Nevyhnutnosť potrebných zmien súčasnej priemyselnej politiky. 
610 2 0 |a technológia výroby 
610 2 0 |a revolúcia priemyselná 
610 2 0 |a výroba 
610 2 0 |a priemysel 4.0 
610 2 0 |a efektívnosť 
610 2 0 |a história 
100 1 |a Bosák, Martin, 1967- 
700 1 |a Ferencz, Vojtech